| Record ID | marc_loc_updates/v35.i20.records.utf8:30639311:689 |
| Source | Library of Congress |
| Download Link | /show-records/marc_loc_updates/v35.i20.records.utf8:30639311:689?format=raw |
LEADER: 00689nam a22002298a 4500
001 2007019484
003 DLC
005 20070514140436.0
008 070514s2007 mau b 000 0 eng
010 $a 2007019484
020 $a9781422118832 (pbk. : alk. paper)
040 $aDLC$cDLC
050 00 $aHG173$b.U53 2007
082 00 $a658.15$222
245 00 $aUnderstanding finance :$bexpert solutions to everyday challenges.
260 $aBoston, Mass. :$bHarvard Business School Pub.,$cc2007.
263 $a0710
300 $ap. cm.
490 0 $aPocket mentor series
504 $aIncludes bibliographical references.
650 0 $aFinance.
710 2 $aHarvard Business School Publishing Corporation.